Establishment of Jeiju's Bibimbap in Montalban Town Center, San Jose Rodriguez Rizal/ (Record no. 85998)

MARC details
000 -LEADER
fixed length control field 01462nam a22002657a 4500
003 - CONTROL NUMBER IDENTIFIER
control field URS
005 - DATE AND TIME OF LATEST TRANSACTION
control field 20250909091600.0
008 - FIXED-LENGTH DATA ELEMENTS--GENERAL INFORMATION
fixed length control field 250909b |||||||| |||| 00| 0 eng d
050 00 - LIBRARY OF CONGRESS CALL NUMBER
Classification number LG 221.R59
Item number .Es81 2024
100 1# - MAIN ENTRY--PERSONAL NAME
Personal name Canolo, Liza Mae P.
Relator term Researcher
245 10 - TITLE STATEMENT
Title <a href="Establishment of Jeiju's Bibimbap in Montalban Town Center, San Jose Rodriguez Rizal/">Establishment of Jeiju's Bibimbap in Montalban Town Center, San Jose Rodriguez Rizal/</a>
Statement of responsibility, etc Liza Mae P. Canolo [et.al]
260 #1 - PUBLICATION, DISTRIBUTION, ETC. (IMPRINT)
Date of publication, distribution, etc 2024
300 ## - PHYSICAL DESCRIPTION
Extent xxiii, 216 leaves;
Other physical details Illustrations
Dimensions 28cm
336 ## - CONTENT TYPE
Source rdacontent
Content type term text
337 ## - MEDIA TYPE
Source rdamedia
Media type term unmediated
338 ## - CARRIER TYPE
Source rdacarrier
Carrier type term volume
502 ## - DISSERTATION NOTE
Dissertation note Undergraduate Thesis<br/>
Degree type Bachelor of Science in Office Administration Major in Human Resource Management
Name of granting institution University of Rizal System, Rodriguez Rizal <br/>
Year degree granted 2024
520 ## - SUMMARY, ETC.
Summary, etc In conclusion the study undertaken by the proponents was feasible It there is a opportunity that this study will be implemented in the future with the power of four proponents hands they will be humbled to start it and become a successful entrepreneurs in the near future By promoting its unique features, ensuring ingredient availability, considering changes in culture, and securing funding, the chances of success may be increased
650 ## - SUBJECT ADDED ENTRY--TOPICAL TERM
Source of heading or term establishment of Jeiju;s Bibimbap
700 ## - ADDED ENTRY--PERSONAL NAME
Personal name Delos Santos, Jazie Anne T.
Relator term Researcher
700 ## - ADDED ENTRY--PERSONAL NAME
Personal name Gado, Juliana Alliah F.
Relator term Researcher
700 ## - ADDED ENTRY--PERSONAL NAME
Personal name Guzman, Angelou V.
Relator term Researcher
700 ## - ADDED ENTRY--PERSONAL NAME
Personal name Soberano, Maricar O.
Relator term Adviser
942 ## - ADDED ENTRY ELEMENTS (KOHA)
Source of classification or shelving scheme Library of Congress Classification
Koha item type Theses and dissertations
Holdings
Withdrawn status Source of classification or shelving scheme Damaged status Not for loan Home library Current library Shelving location Date acquired Total Checkouts Full call number Barcode Date last seen Price effective from Koha item type
  Library of Congress Classification     Rodriguez College Library Rodriguez College Library Undergraduate Theses 09/09/2025   LG 221.R59 .Es81 2024 URSROD-UGT-HRDM-1430 09/09/2025 09/09/2025 Theses and dissertations

University of Rizal System
Email us at univlibservices@urs.edu.ph

Visit our Website www.urs.edu.ph/library